Tottenham Hotspur 2020/2021 Summer Transfers - Statistics

General Stats
  • This quiz has been taken 158 times
    149 since last reset
  • The average score is 4 of 14
Answer Stats
Signed From Player % Correct
Real Madrid Gareth Bale
63%
Wolves Matt Doherty
60%
Real Madrid Sergio Reguilon
48%
Southampton Pierre-Emile Hojbjerg
40%
Southampton Kyle-Walker Peters
24%
Benfica Carlos Vinicius
21%
Norwich Oliver Skipp
21%
Hoffenheim Ryan Sessegnon
21%
Villarreal Juan Foyth
18%
Free Agent Joe Hart
16%
Free Agent Jan Vertonghen
15%
Millwall Troy Parrott
13%
Free Agent Michel Vorm
12%
QPR Luke Amos
3%
No matching quizzes found
Score Distribution
Percent of People with Each Score
Percentile by Number Answered
Your Score History
You have not taken this quiz since the last reset